[Event "ICS rated blitz match"]
[Site "204.178.125.65"]
[Date "2000.03.03"]
[Round "?"]
[White "Hossa"]
[Black "NETAO"]
[Result "1-0"]
[WhiteElo "2456"]
[BlackElo "2097"]
[PlyCount "43"]

1. e4 e5 2. Nf3 Nc6 3. Nc3 Nf6 4. d4 exd4 5. Nxd4 Bc5 6. Nxc6 bxc6 7. Be2 d6 8.
O-O Be6 9. Bg5 O-O 10. Na4 Bb6 11. Qd3 Qe7 12. Qc3 h6 13. Bxf6 Qxf6 14. Qxc6
Qg6 15. Nxb6 axb6 16. Qxc7 Rac8 17. Qxb6 Rxc2 18. Bd1 Rd2 19. Qb4 Rd3 20. Be2
Bh3 21. g3 Bxf1 22. Rxf1 1-0

[Event "ICS rated blitz match"]
[Site "204.178.125.65"]
[Date "2000.03.03"]
[Round "?"]
[White "NETAO"]
[Black "Hossa"]
[Result "0-1"]
[WhiteElo "2093"]
[BlackElo "2460"]
[PlyCount "144"]

1. e4 Nf6 2. e5 Nd5 3. Bc4 Nb6 4. Bb3 Nc6 5. f4 d5 6. Nf3 Na5 7. d3 Nxb3 8.
axb3 Bg4 9. Be3 d4 10. Bf2 e6 11. Nbd2 Bb4 12. h3 Bxf3 13. Qxf3 Qd5 14. Qxd5
Nxd5 15. Bxd4 Nxf4 16. g3 Nh5 17. Rg1 Bxd2+ 18. Kxd2 a5 19. Bc3 b6 20. Ke3 g6
21. g4 Ng7 22. Raf1 h5 23. Rf3 hxg4 24. hxg4 Rh2 25. Rgf1 Rxc2 26. Rxf7 Nf5+
27. gxf5 Kxf7 28. fxg6+ Kxg6 29. Rf6+ Kg5 30. Rxe6 Rh8 31. Rc6 Rh7 32. Kd4 Re2
33. Kc4 Rd7 34. d4 Rf2 35. Kb5 Kg4 36. Ka6 Re7 37. Kb7 Rff7 38. Ka6 Kf3 39. Kb5
Rd7 40. b4 axb4 41. Kxb4 Rd5 42. Kc4 Ke4 43. b4 b5+ 44. Kb3 Rg7 45. Rf6 Rg3 46.
Kb2 Rf3 47. Rc6 Rf2+ 48. Kb3 Rf7 49. Rh6 Rf3 50. Rh4+ Kf5 51. Kb2 Rf2+ 52. Kb3
Kg6 53. Rg4+ Kf7 54. Rg3 Re2 55. Rf3+ Ke7 56. Rf4 Re3 57. Rh4 Ke6 58. Rh6+ Kf5
59. Rh5+ Kg6 60. Rh4 Kg5 61. Re4 Rxe4 62. Kc2 Kf5 63. Kd3 Rexe5 64. Kd2 Rd6 65.
Kc2 Re3 66. Kd2 Ke4 67. Kc2 Rc6 68. Kd2 Rcxc3 69. d5 Rcd3+ 70. Kc2 Re2+ 71. Kc1
Kxd5 72. Kb1 Rd1# 0-1

[Event "ICS rated blitz match"]
[Site "204.178.125.65"]
[Date "2000.03.03"]
[Round "?"]
[White "Hossa"]
[Black "NETAO"]
[Result "1-0"]
[WhiteElo "2463"]
[BlackElo "2090"]
[PlyCount "59"]

1. e4 e5 2. Nf3 Nc6 3. Bb5 Nf6 4. O-O Bc5 5. Nxe5 Nxe5 6. d4 Bxd4 7. Qxd4 Qe7
8. Bf4 Nc6 9. Bxc6 dxc6 10. Rd1 Be6 11. Be5 O-O 12. Bxf6 Qxf6 13. Qxf6 gxf6 14.
Nc3 Rad8 15. f3 Rfe8 16. g4 Kf8 17. h4 Ke7 18. Na4 h5 19. gxh5 Rxd1+ 20. Rxd1
Rh8 21. Kf2 Rxh5 22. Kg3 b6 23. Nc3 f5 24. Ne2 fxe4 25. fxe4 Rh8 26. Nd4 Rg8+
27. Kf2 c5 28. Nc6+ Kf6 29. e5+ Kf5 30. Ne7+ 1-0

[Event "ICS rated standard match"]
[Site "204.178.125.65"]
[Date "2000.03.03"]
[Round "?"]
[White "Hossa"]
[Black "prg3"]
[Result "1-0"]
[WhiteElo "2196"]
[BlackElo "2199"]
[PlyCount "41"]

1. e4 e5 2. Nf3 Nc6 3. Bc4 Bc5 4. c3 Nf6 5. d4 exd4 6. cxd4 Bb4+ 7. Nc3 Nxe4 8.
O-O Bxc3 9. d5 Bf6 10. Re1 Ne7 11. Rxe4 d6 12. Bg5 Bxg5 13. Nxg5 h6 14. Qe2
hxg5 15. Re1 Kf8 16. Rxe7 Be6 17. Rxe6 fxe6 18. dxe6 Qf6 19. e7+ Ke8 20. Qc2
Rh6 21. Bb5+ 1-0

[Event "ICS rated standard match"]
[Site "204.178.125.65"]
[Date "2000.03.03"]
[Round "?"]
[White "prg3"]
[Black "Hossa"]
[Result "1-0"]
[WhiteElo "2183"]
[BlackElo "2212"]
[PlyCount "155"]

1. d4 d5 2. c4 e6 3. Nc3 Nf6 4. cxd5 exd5 5. Bg5 Be7 6. e3 O-O 7. Nf3 h6 8.
Bxf6 Bxf6 9. b4 Be7 10. Qb3 Be6 11. Bd3 Nc6 12. a3 Re8 13. O-O Bg5 14. Bb5 Qd6
15. Ne5 Bf6 16. Nxc6 bxc6 17. Bd3 Bg4 18. Na4 Be7 19. Qc3 Qe6 20. Rac1 Qf6 21.
h3 Bd7 22. Nc5 Bxc5 23. Qxc5 Qg5 24. Kh2 Re6 25. Qa5 Qd8 26. Bf5 Re7 27. Bxd7
Qxd7 28. Rc2 f5 29. Rfc1 f4 30. exf4 Qf5 31. g3 Qd3 32. Qc5 Re6 33. Qc3 Qb5 34.
Qf3 Rd8 35. Rc5 Qb6 36. Kg2 Rdd6 37. Qc3 a6 38. Re1 g6 39. Re5 Qb7 40. Ra5 Rf6
41. Qd3 Rf8 42. Qxa6 Qb8 43. Qd3 Rdf6 44. Rc5 Kh8 45. Qe2 Qa8 46. Qe3 Qa6 47.
Re6 Rxe6 48. Qxe6 Qxa3 49. Qxg6 Qxb4 50. Qxh6+ Kg8 51. Qg6+ Kh8 52. Qh5+ Kg8
53. Qg5+ Kf7 54. Rxc6 Ke8 55. Qe5+ Qe7 56. Re6 Rf7 57. Qxd5 Rh7 58. Rxe7+ Rxe7
59. h4 Rf7 60. h5 Rf6 61. Qe5+ Kf7 62. Qg5 Ra6 63. h6 Rb6 64. h7 Rb8 65. f5 Re8
66. Qg6+ Ke7 67. Qxe8+ Kxe8 68. h8=Q+ Kd7 69. Qe5 c6 70. f6 c5 71. Qxc5 Ke6 72.
Qe5+ Kd7 73. Qe7+ Kc6 74. f7 Kb5 75. Qc7 Kb4 76. f8=Q+ Kb5 77. Qfb8+ Ka6 78.
Qca7# 1-0

[Event "ICS rated bullet match"]
[Site "204.178.125.65"]
[Date "2000.03.03"]
[Round "?"]
[White "RedBear"]
[Black "Hossa"]
[Result "1/2-1/2"]
[WhiteElo "2337"]
[BlackElo "2351"]
[PlyCount "97"]

1. e4 e6 2. d4 d5 3. Nc3 Bb4 4. e5 c5 5. a3 Bxc3+ 6. bxc3 Ne7 7. Qg4 O-O 8. Bd3
f5 9. exf6 Rxf6 10. Bg5 Rf7 11. Qh4 h6 12. Bxe7 Rxe7 13. Nf3 e5 14. dxe5 Rxe5+
15. Kd2 Qxh4 16. Nxh4 Nc6 17. f4 Re6 18. Rab1 Kf7 19. g3 Rb8 20. Bf5 Re7 21.
Bxc8 Rxc8 22. Nf5 Rd7 23. Rxb7 Rxb7 24. Nd6+ Kf6 25. Nxb7 Nd8 26. Nxd8 Rxd8 27.
Re1 a6 28. Re5 g5 29. c4 dxc4+ 30. Kc3 gxf4 31. gxf4 Rd4 32. Rxc5 Rxf4 33. Rc6+
Kg5 34. a4 Rh4 35. Rxa6 Rxh2 36. Rc6 h5 37. a5 Rh1 38. Kxc4 h4 39. a6 Ra1 40.
Rc5+ Kg4 41. Kb5 h3 42. Rc4+ Kg3 43. Rc3+ Kg2 44. Rxh3 Kxh3 45. Kb6 Rb1+ 46.
Kc7 Ra1 47. Kb6 Rb1+ 48. Kc7 Ra1 49. Kb6 1/2-1/2

[Event "ICS rated bullet match"]
[Site "204.178.125.65"]
[Date "2000.03.03"]
[Round "?"]
[White "Hossa"]
[Black "RedBear"]
[Result "1/2-1/2"]
[WhiteElo "2350"]
[BlackElo "2338"]
[PlyCount "169"]

1. e4 e5 2. Nf3 Nc6 3. Bc4 Nf6 4. Ng5 d5 5. exd5 Na5 6. Bb5+ c6 7. dxc6 bxc6 8.
Be2 h6 9. Nf3 e4 10. Ne5 Bd6 11. d4 exd3 12. Nxd3 Qc7 13. b3 O-O 14. Bb2 Ne4
15. Nc3 f5 16. Bh5 Ba6 17. Bg6 Nxc3 18. Bxc3 Qe7+ 19. Qe2 Qxe2+ 20. Kxe2 Nb7
21. Ke1 Nc5 22. Nxc5 Bxc5 23. Rd1 Rad8 24. Rxd8 Rxd8 25. Be5 f4 26. c3 Rd7 27.
Bxf4 Re7+ 28. Be3 Bxe3 29. fxe3 Rxe3+ 30. Kf2 Re2+ 31. Kf3 Kf8 32. c4 Re6 33.
Be4 Ke7 34. Rd1 Bc8 35. b4 Rf6+ 36. Ke3 Re6 37. a4 c5 38. bxc5 Bb7 39. Rd4 Bc6
40. a5 Re5 41. Kd3 Rxc5 42. Kc3 Bxe4 43. Rxe4+ Kd6 44. Kb4 Rf5 45. Re2 Rh5 46.
g4 Rh4 47. c5+ Kd7 48. Kb5 Rxg4 49. c6+ Kd8 50. Rd2+ Kc8 51. Rd7 Rg2 52. Rxa7
Rb2+ 53. Ka6 g5 54. h4 gxh4 55. Rh7 h3 56. Ka7 Ra2 57. Kb6 Rb2+ 58. Kc5 Rc2+
59. Kb5 Rb2+ 60. Kc4 Rc2+ 61. Kd5 Rd2+ 62. Ke5 Re2+ 63. Kf4 h2 64. Rxh6 Ra2 65.
Ke5 Kc7 66. a6 h1=Q 67. Rxh1 Rxa6 68. Kd5 Ra5+ 69. Ke4 Kxc6 70. Kf4 Ra4+ 71.
Kg3 Ra3+ 72. Kh2 Ra2+ 73. Kh3 Ra3+ 74. Kh4 Ra4+ 75. Kh5 Ra5+ 76. Kh6 Kd6 77.
Kh7 Ra7+ 78. Kh8 Ra8+ 79. Kg7 Ra7+ 80. Kh6 Ra5 81. Kh7 Ra7+ 82. Kh8 Ra8+ 83.
Kg7 Ra7+ 84. Kh6 Ra5 85. Kh7 1/2-1/2

[Event "ICS rated bullet match"]
[Site "204.178.125.65"]
[Date "2000.03.03"]
[Round "?"]
[White "RedBear"]
[Black "Hossa"]
[Result "1-0"]
[WhiteElo "2339"]
[BlackElo "2349"]
[PlyCount "101"]

1. e4 c5 2. c3 d5 3. exd5 Qxd5 4. d4 Nf6 5. Nf3 Bg4 6. Be2 e6 7. h3 Bh5 8. O-O
Nc6 9. Be3 cxd4 10. cxd4 Be7 11. Nc3 Qd6 12. Qb3 O-O 13. Rfd1 Rfd8 14. a3 Rac8
15. Rac1 Nd5 16. Qxb7 Rb8 17. Qa6 Bxf3 18. Bxf3 Nxd4 19. Qxd6 Nxf3+ 20. gxf3
Rxd6 21. Nxd5 exd5 22. Bxa7 Rg6+ 23. Kf1 Rd8 24. Rc7 Re6 25. b4 Bd6 26. Rc3 Re5
27. Rcd3 Bc7 28. b5 h6 29. b6 Bb8 30. Bxb8 Rxb8 31. Rb3 Rd8 32. Rb5 g6 33. a4
f6 34. a5 d4 35. Rxe5 fxe5 36. a6 e4 37. fxe4 Kf7 38. Rd3 Kf6 39. b7 Rb8 40.
Rb3 d3 41. a7 d2 42. Rf3+ Ke7 43. axb8=Q d1=Q+ 44. Kg2 Qd2 45. Qe5+ Kd7 46.
Rf7+ Kc6 47. Qc7+ Kb5 48. b8=Q+ Ka4 49. Qc6+ Ka3 50. Qa6+ Qa5 51. Qxa5# 1-0

[Event "ICS Rated standard match"]
[Site "204.178.125.65"]
[Date "2000.03.04"]
[Round "?"]
[White "Hossa"]
[Black "RedBear"]
[Result "0-1"]
[WhiteElo "2195"]
[BlackElo "2447"]
[PlyCount "200"]

1. e4 e5 2. Nf3 Nc6 3. Bb5 a6 4. Ba4 Nf6 5. O-O Be7 6. Re1 b5 7. Bb3 d6 8. c3
O-O 9. h3 Bb7 10. d4 Re8 11. Nbd2 Bf8 12. a4 h6 13. Bc2 exd4 14. cxd4 Nb4 15.
Bb1 c5 16. d5 Nd7 17. Ra3 f5 18. Rae3 Nf6 19. Nh2 Qd7 20. exf5 Rxe3 21. fxe3
Bxd5 22. Ng4 Be7 23. e4 Bf7 24. Nxf6+ Bxf6 25. Nf3 Rd8 26. axb5 axb5 27. Re2
Bc4 28. Rd2 Qe7 29. b3 Bf7 30. Bb2 Bxb2 31. Rxb2 Qf6 32. Qe2 Qc3 33. Qd2 Qxd2
34. Nxd2 Ra8 35. Kf2 Ra3 36. g4 Kf8 37. h4 Ke8 38. g5 Kd7 39. gxh6 gxh6 40. Kf1
Ke7 41. Kg2 Kf6 42. Kf2 Bg8 43. Ke2 Ke5 44. Nf3+ Kf4 45. Nd2 h5 46. Kf2 Kg4 47.
Ke3 c4 48. Nf3 Rxb3+ 49. Rxb3 cxb3 50. Nd4 Bc4 51. f6 Nc2+ 52. Bxc2 bxc2 53.
Kd2 c1=Q+ 54. Kxc1 Kf4 55. Nxb5 Ke5 56. Kd2 Bf7 57. Kd3 d5 58. exd5 Bxd5 59.
Nc3 Bg8 60. Ne4 Kf5 61. Kd4 Kg4 62. Ke5 Kxh4 63. Kf4 Bf7 64. Nd6 Be6 65. Nb7
Bb3 66. Nc5 Bd5 67. Kf5 Bf7 68. Ne4 Bd5 69. Ng5 Bg8 70. Kf4 Bb3 71. Nf3+ Kh3
72. Nd4 Bd5 73. Nc6 Kg2 74. Ke5 Bg8 75. Ne7 Bf7 76. Nf5 Kf3 77. Nd6 Bb3 78. Ne4
Kg4 79. Nc5 Bg8 80. Ke4 h4 81. Nd3 Be6 82. Ke5 Bf7 83. Kd6 Kg3 84. Ke7 Bh5 85.
Nc1 h3 86. Ne2+ Kg4 87. Nc3 h2 88. Ne4 Kf3 89. Ng5+ Ke3 90. Ne6 h1=Q 91. Nc5
Qd5 92. Na4 Qf7+ 93. Kd6 Qxf6+ 94. Kd5 Be8 95. Nc5 Qd4+ 96. Ke6 Qxc5 97. Kf6
Qc7 98. Kf5 Qg7 99. Ke6 Ke4 100. Kd6 Qe5# 0-1

[Event "ICS rated blitz match"]
[Site "204.178.125.65"]
[Date "2000.03.04"]
[Round "?"]
[White "Tinker"]
[Black "Hossa"]
[Result "0-1"]
[WhiteElo "2444"]
[BlackElo "2466"]
[PlyCount "100"]

1. e4 e5 2. Nf3 Nc6 3. d4 exd4 4. Nxd4 Bc5 5. Be3 Qf6 6. Nb5 Bxe3 7. fxe3 Qh4+
8. g3 Qxe4 9. Nxc7+ Kf8 10. Nxa8 Qxh1 11. Qe2 Nf6 12. Nd2 d5 13. a4 Nb4 14. Rc1
Bd7 15. Nc7 Bxa4 16. b3 Bd7 17. Qf2 Kg8 18. Qg2 Qxg2 19. Bxg2 Bf5 20. Nxd5
Nbxd5 21. e4 Ne3 22. exf5 Nxg2+ 23. Kf2 Ng4+ 24. Kxg2 Ne3+ 25. Kh3 Nxf5 26. Ra1
a6 27. Ne4 h5 28. Rd1 g6 29. Nc5 Ne3 30. Rd2 b6 31. Nxa6 Kg7 32. c4 g5 33. Rd3
g4+ 34. Kh4 Re8 35. Kxh5 Re5+ 36. Kh4 Kg6 37. Rxe3 Rxe3 38. Nc7 f5 39. Nd5 Rxb3
40. Ne7+ Kf6 41. Nd5+ Ke5 42. Ne7 Rc3 43. Kg5 Rxc4 44. Nxf5 b5 45. Ne3 Re4 46.
Nd1 b4 47. Nb2 b3 48. Kh5 Re2 49. Nc4+ Kf6 50. Na3 Kf5 0-1

[Event "ICS rated blitz match"]
[Site "204.178.125.65"]
[Date "2000.03.04"]
[Round "?"]
[White "Hossa"]
[Black "Tinker"]
[Result "1/2-1/2"]
[WhiteElo "2481"]
[BlackElo "2429"]
[PlyCount "126"]

1. d4 Nf6 2. c4 Nc6 3. Nc3 e6 4. Bg5 d5 5. cxd5 exd5 6. Bxf6 gxf6 7. e3 Bb4 8.
Nf3 Rg8 9. Qc2 Rg7 10. O-O-O Bg4 11. Be2 Bxc3 12. Qxc3 Qd7 13. h3 Be6 14. Rdg1
a6 15. Nd2 Qd6 16. Qb3 O-O-O 17. Nf3 Bf5 18. Qa4 Be4 19. b3 Rdg8 20. Nh4 Nb4
21. a3 Nd3+ 22. Bxd3 Bxd3 23. Kb2 Qe6 24. Qb4 h5 25. Qc3 Bh7 26. Rc1 Qd7 27. g3
Be4 28. f3 Bh7 29. g4 Qd8 30. Qc5 Kb8 31. Rhe1 Re8 32. Qc3 Kc8 33. Re2 hxg4 34.
hxg4 Rg5 35. Rh2 Qd6 36. Rhh1 Reg8 37. Ng2 Rh8 38. Nf4 Kd8 39. Rh6 Kc8 40. Rxf6
Qd7 41. Rh6 c6 42. Qc5 Qc7 43. Qa7 Kd8 44. Rch1 Rg7 45. Nxd5 cxd5 46. Rc1 Rg6
47. Rxc7 Kxc7 48. Qc5+ Kb8 49. Qxd5 Rxh6 50. Qe5+ Ka7 51. Qxh8 Rh2+ 52. Kc3
Rc2+ 53. Kb4 Bd3 54. d5 b6 55. Qe8 a5+ 56. Ka4 f6 57. d6 Rc5 58. f4 Bc2 59. f5
Rc4+ 60. Kb5 Rc5+ 61. Ka4 Rc4+ 62. Kb5 Rc5+ 63. Ka4 Rc4+ 1/2-1/2

[Event "ICS rated blitz match"]
[Site "204.178.125.65"]
[Date "2000.03.04"]
[Round "?"]
[White "Bonin"]
[Black "Hossa"]
[Result "0-1"]
[WhiteElo "2387"]
[BlackElo "2479"]
[PlyCount "68"]

1. d4 Nf6 2. c4 g6 3. Nc3 d5 4. cxd5 Nxd5 5. e4 Nxc3 6. bxc3 Bg7 7. Nf3 c5 8.
Bb5+ Bd7 9. Bxd7+ Nxd7 10. O-O O-O 11. Rb1 Qc7 12. e5 cxd4 13. cxd4 Nb6 14. Qb3
Rac8 15. Ba3 Rb8 16. Rfc1 Qd7 17. Rc5 Rfc8 18. h3 Ra8 19. Bc1 Rab8 20. Bf4 Qf5
21. Rxc8+ Rxc8 22. Bg5 Rc7 23. Rd1 h6 24. Be3 Qc2 25. Qxc2 Rxc2 26. d5 Rxa2 27.
Bxb6 axb6 28. d6 exd6 29. exd6 Ra1 30. Rxa1 Bxa1 31. d7 Bf6 32. Nd4 Kf8 33. Nb5
Ke7 34. Nd6 Kxd6 0-1

[Event "ICS rated bullet match"]
[Site "204.178.125.65"]
[Date "2000.03.04"]
[Round "?"]
[White "leskovar"]
[Black "Hossa"]
[Result "1-0"]
[WhiteElo "2058"]
[BlackElo "2333"]
[PlyCount "53"]

1. e4 e5 2. Nf3 Nc6 3. Bb5 a6 4. Ba4 Nf6 5. d4 exd4 6. O-O Bc5 7. e5 Ng8 8. Re1
Nge7 9. Nbd2 O-O 10. Ne4 Ba7 11. Bg5 b5 12. Bb3 Rb8 13. Qd3 Nb4 14. Qd2 Nbc6
15. Bf6 Re8 16. Qg5 Ng6 17. Bxd8 Nxd8 18. Nf6+ gxf6 19. exf6 Rxe1+ 20. Rxe1 Ne6
21. Bxe6 Bc5 22. Bd5 Bd6 23. Re8+ Bf8 24. Ne5 Bb7 25. Bxf7+ Kh8 26. Nxg6+ hxg6
27. Qh4# 1-0

[Event "ICS rated blitz match"]
[Site "204.178.125.65"]
[Date "2000.03.04"]
[Round "?"]
[White "Hossa"]
[Black "Bonin"]
[Result "1/2-1/2"]
[WhiteElo "2498"]
[BlackElo "2315"]
[PlyCount "43"]

1. e4 c5 2. Nf3 Nc6 3. d4 cxd4 4. Nxd4 e5 5. Nb5 d6 6. Be3 Nf6 7. N1c3 a6 8.
Na3 Be6 9. Nc4 Rc8 10. Nb6 Rc7 11. Ncd5 Bxd5 12. Nxd5 Rc8 13. Bb6 Qd7 14. Bd3
Nxd5 15. exd5 Nb4 16. O-O Nxd5 17. Ba5 Nf4 18. Re1 Be7 19. Bc3 Rd8 20. Ba5 Rc8
21. Bc3 Rd8 22. Ba5 1/2-1/2

[Event "ICS Rated standard match"]
[Site "204.178.125.65"]
[Date "2000.03.04"]
[Round "?"]
[White "Scandinavian"]
[Black "Hossa"]
[Result "0-1"]
[WhiteElo "2169"]
[BlackElo "2189"]
[PlyCount "42"]

1. e4 c5 2. Nf3 d6 3. d4 cxd4 4. Qxd4 Nc6 5. Bb5 Bd7 6. Bxc6 Bxc6 7. c4 Nf6 8.
Nc3 g6 9. Bg5 Bg7 10. O-O O-O 11. Qe3 Ng4 12. Qf4 Qd7 13. h3 f5 14. exf5 gxf5
15. Bxe7 Qxe7 16. hxg4 fxg4 17. Qxg4 Bxf3 18. gxf3 Kh8 19. Nd5 Qf7 20. Kh1 b5
21. Nc7 Qxc7 0-1

[Event "ICS rated blitz match"]
[Site "204.178.125.65"]
[Date "2000.03.04"]
[Round "?"]
[White "Bonin"]
[Black "Hossa"]
[Result "1-0"]
[WhiteElo "2312"]
[BlackElo "2490"]
[PlyCount "69"]

1. d4 Nf6 2. c4 e6 3. Nc3 Bb4 4. e3 O-O 5. Bd3 d5 6. Nge2 b6 7. O-O Bb7 8. cxd5
exd5 9. a3 Be7 10. b4 a5 11. b5 Nbd7 12. f3 Re8 13. e4 Nf8 14. e5 N6d7 15. f4
Ra7 16. f5 Qa8 17. Nf4 Nxe5 18. dxe5 Bc5+ 19. Kh1 Bd4 20. Bb2 Bxe5 21. Na4 Bxb2
22. Nxb2 Qd8 23. Qg4 Qf6 24. Rab1 Qd4 25. f6 g6 26. Qg5 Qe3 27. Qh6 Ne6 28.
Rbe1 Qh3 29. Nxh3 Re7 30. fxe7 Ra8 31. Rxe6 Bc6 32. bxc6 Re8 33. Ng5 Rxe7 34.
Qxh7+ Kf8 35. Qh8# 1-0

[Event "ICS rated bullet match"]
[Site "204.178.125.65"]
[Date "2000.03.04"]
[Round "?"]
[White "Hossa"]
[Black "haskd"]
[Result "1-0"]
[WhiteElo "2313"]
[BlackElo "2065"]
[PlyCount "89"]

1. d4 Nf6 2. c4 g6 3. Nc3 Bg7 4. e4 O-O 5. Nf3 d6 6. Be2 c5 7. d5 Nbd7 8. Bg5
b5 9. cxb5 a6 10. O-O axb5 11. Bxb5 Ba6 12. Qe2 Bxb5 13. Nxb5 Qb6 14. Qc4 Rfb8
15. a4 Qa5 16. Bd2 Nb6 17. Qc2 Qa6 18. Nc7 Qc4 19. Qxc4 Nxc4 20. Nxa8 Rxa8 21.
b3 Nxd2 22. Nxd2 Nd7 23. Ra2 Nb6 24. Nc4 Nd7 25. a5 Rb8 26. a6 Ra8 27. Rc1 Kf8
28. Kf1 Ke8 29. Ke2 Kd8 30. Na5 Kc7 31. Nc6 Bf6 32. f4 Nb6 33. b4 e6 34. bxc5
dxc5 35. Rxc5 exd5 36. Ne5+ Kd6 37. Rc6+ Ke7 38. Rxb6 Bxe5 39. fxe5 dxe4 40. a7
Kd7 41. Rb8 Rxa7 42. Rxa7+ Kc6 43. Ke3 Kd5 44. Ra5+ Kc6 45. Kxe4 1-0

[Event "ICS rated bullet match"]
[Site "204.178.125.65"]
[Date "2000.03.04"]
[Round "?"]
[White "haskd"]
[Black "Hossa"]
[Result "0-1"]
[WhiteElo "2059"]
[BlackElo "2319"]
[PlyCount "76"]

1. d4 d5 2. c4 e6 3. Nc3 Nf6 4. Nf3 Bb4 5. Bf4 dxc4 6. e3 Nd5 7. Qc2 Nxf4 8.
exf4 b5 9. Be2 O-O 10. O-O c6 11. a3 Be7 12. Rad1 Bb7 13. Ne5 f6 14. Ng4 a5 15.
Qe4 Qd7 16. Ne3 f5 17. Qf3 Rd8 18. Qh3 Qd6 19. g3 Bf6 20. Bf3 Bxd4 21. Nxb5
cxb5 22. Bxb7 Ra7 23. Bf3 Qb6 24. a4 Rad7 25. axb5 Qxb5 26. Qh5 Bxe3 27. fxe3
Qxb2 28. Rxd7 Nxd7 29. g4 Qd2 30. gxf5 Qxe3+ 31. Kh1 Nf6 32. Qg5 e5 33. Bg2 e4
34. Rg1 Rf8 35. h4 h6 36. Qg6 Qxf4 37. h5 Qh4+ 38. Bh3 Qxh3# 0-1

[Event "ICS rated bullet match"]
[Site "204.178.125.65"]
[Date "2000.03.04"]
[Round "?"]
[White "Hossa"]
[Black "haskd"]
[Result "1-0"]
[WhiteElo "2325"]
[BlackElo "2062"]
[PlyCount "63"]

1. d4 Nf6 2. c4 g6 3. g3 Bg7 4. Bg2 O-O 5. Nc3 c6 6. Nf3 d5 7. cxd5 cxd5 8. Bf4
Nc6 9. Rc1 Ne4 10. e3 Nxc3 11. Rxc3 Bg4 12. Qb3 Na5 13. Qb5 b6 14. Ne5 Be6 15.
Qa6 f6 16. Nd3 Nc4 17. b3 Nd6 18. Nb4 Ne4 19. Rc7 g5 20. Nc6 Qe8 21. Nxe7+ Kh8
22. Bxe4 gxf4 23. Nxd5 Bxd5 24. Bxd5 fxe3 25. Bxa8 Qxa8 26. O-O e2 27. Qxe2 Re8
28. Rxa7 Qe4 29. Qxe4 Rxe4 30. Ra8+ Bf8 31. Rxf8+ Kg7 32. Rd8 1-0

[Event "ICS rated standard match"]
[Site "204.178.125.65"]
[Date "2000.03.04"]
[Round "?"]
[White "SirForkalot"]
[Black "Hossa"]
[Result "1-0"]
[WhiteElo "2050"]
[BlackElo "2204"]
[PlyCount "153"]

1. e4 e5 2. Nc3 Nf6 3. Bc4 Nxe4 4. Qh5 Nd6 5. Bb3 Nc6 6. Nb5 g6 7. Qf3 Nf5 8.
g4 d6 9. gxf5 Bxf5 10. Ne2 a6 11. Nbc3 Qh4 12. d3 Qg4 13. Qxg4 Bxg4 14. Nd5 Kd8
15. Bg5+ Kc8 16. Bf6 Rg8 17. Rg1 Bxe2 18. Kxe2 Nd4+ 19. Kd1 Ne6 20. c3 Kb8 21.
Kc2 Bg7 22. Bxg7 Rxg7 23. Nf6 Nf4 24. Rae1 Nh3 25. Rg3 Nf4 26. d4 exd4 27. cxd4
c5 28. dxc5 dxc5 29. Re7 Ka7 30. Ne8 Rxe8 31. Rxe8 f5 32. Rf3 g5 33. Re5 Rc7
34. Rxf5 c4 35. Ba4 b5 36. Bxb5 axb5 37. Rxb5 Nd3 38. Rf6 g4 39. Kc3 Nc1 40.
Ra5+ Kb7 41. Rb5+ Ka7 42. Ra5+ Kb7 43. Rfa6 Rc8 44. Ra7+ Kb6 45. R5a6+ Kc5 46.
Rxh7 Kb5 47. Rhh6 Ne2+ 48. Kd2 Nf4 49. Ke3 Ng2+ 50. Kd4 Rd8+ 51. Rad6 Rxd6+ 52.
Rxd6 Nf4 53. Rd5+ Kb4 54. a3+ Kb3 55. Rb5+ Kc2 56. Kxc4 Nd3 57. a4 Nxf2 58. Re5
Nh3 59. b4 Ng1 60. a5 Nf3 61. Re8 Nd2+ 62. Kc5 Nb3+ 63. Kd5 Kd3 64. a6 Nd4 65.
a7 Nb5 66. a8=Q Nc7+ 67. Kc6 Nxa8 68. Rxa8 Ke2 69. b5 Kf1 70. b6 Kg2 71. Ra2+
Kf3 72. b7 Ke4 73. b8=Q g3 74. Qxg3 Kf5 75. Rf2+ Ke4 76. Rf4+ Ke5 77. Qe3# 1-0

[Event "ICS rated standard match"]
[Site "204.178.125.65"]
[Date "2000.03.04"]
[Round "?"]
[White "Hossa"]
[Black "kix"]
[Result "1-0"]
[WhiteElo "2181"]
[BlackElo "2107"]
[PlyCount "99"]

1. Nf3 Nf6 2. g3 g6 3. c4 Bg7 4. Bg2 O-O 5. O-O d6 6. d4 Nbd7 7. Nc3 c6 8. Bg5
h6 9. Bf4 Nh5 10. Bd2 e5 11. Ne4 exd4 12. Nxd6 Ne5 13. Nxc8 Nxf3+ 14. Bxf3 Nf6
15. Nxa7 Rxa7 16. Bb4 Re8 17. Bc5 b6 18. Bxd4 Rd7 19. e3 c5 20. Bxf6 Bxf6 21.
Qb3 Qc7 22. Rad1 Red8 23. Rd5 Rxd5 24. cxd5 Rb8 25. e4 Qe5 26. Rb1 b5 27. Qe3
c4 28. Qxh6 Bg5 29. Qh3 Qd4 30. Qg4 Bf6 31. a3 b4 32. axb4 Rxb4 33. Qc8+ Kg7
34. Rd1 Qxb2 35. Qc7 c3 36. e5 Bg5 37. e6 Rb7 38. Qe5+ Bf6 39. Qf4 c2 40. Rf1
Be5 41. Qg5 f6 42. Qd2 Bc3 43. Qe3 Bd4 44. Qf4 g5 45. Qd2 Bc3 46. Qe3 Be5 47.
Be4 Rb3 48. Qc5 Rc3 49. Qe7+ Kh8 50. Qf8# 1-0

[Event "ICS rated blitz match"]
[Site "204.178.125.65"]
[Date "2000.03.04"]
[Round "?"]
[White "Hossa"]
[Black "readyink"]
[Result "1-0"]
[WhiteElo "2466"]
[BlackElo "2131"]
[PlyCount "165"]

1. e4 c6 2. d4 d5 3. Nc3 dxe4 4. Nxe4 Nf6 5. Nxf6+ gxf6 6. c3 Bf5 7. Nf3 Qc7 8.
Nh4 Bg6 9. Be3 Nd7 10. Be2 O-O-O 11. Qa4 Kb8 12. O-O-O Nb6 13. Qb3 e6 14. c4 f5
15. g3 Nd7 16. h3 Ka8 17. Rde1 Bd6 18. f4 Nf6 19. Reg1 Rhg8 20. Rg2 Bh5 21. Nf3
Ne4 22. Rhg1 Bxf3 23. Bxf3 Rg7 24. Kb1 Rdg8 25. c5 Be7 26. g4 Nf6 27. gxf5 Rxg2
28. Rxg2 Rxg2 29. Bxg2 Nd5 30. fxe6 fxe6 31. Bxd5 exd5 32. Qd3 Bf6 33. Qf5 Bd8
34. Qf8 Qe7 35. Qxe7 Bxe7 36. f5 Kb8 37. Bf4+ Kc8 38. Kc2 Kd7 39. Bb8 a6 40.
Be5 Ke8 41. Kd3 Kf7 42. b4 Bh4 43. a3 Be1 44. Kc2 a5 45. bxa5 Bxa5 46. Kd3 Be1
47. Ke2 Bh4 48. Ke3 h5 49. Kf3 Be1 50. a4 Bd2 51. Ke2 Bg5 52. Kd3 Ke8 53. Kc2
Kf7 54. Kc3 Ke8 55. Kd3 Kf7 56. a5 Ke8 57. Bc7 Kf7 58. a6 bxa6 59. Be5 Bd8 60.
Bg3 a5 61. Kc3 a4 62. Kb4 Bg5 63. Kxa4 Kf6 64. Ka5 Kxf5 65. Kb6 Ke4 66. Be5 Be3
67. Kxc6 Bxd4 68. Bxd4 Kxd4 69. Kb5 Ke4 70. c6 d4 71. c7 d3 72. c8=Q d2 73.
Qc2+ Ke5 74. Qc3+ Ke4 75. Qxd2 Kf3 76. Qd1+ Kg3 77. Qxh5 Kf4 78. Kc4 Ke3 79.
Qf5 Ke2 80. Qf4 Kd1 81. Qf2 Kc1 82. Kc3 Kb1 83. Qb2# 1-0

[Event "ICS rated blitz match"]
[Site "204.178.125.65"]
[Date "2000.03.04"]
[Round "?"]
[White "readyink"]
[Black "Hossa"]
[Result "0-1"]
[WhiteElo "2127"]
[BlackElo "2470"]
[PlyCount "118"]

1. e4 e5 2. Nf3 Nc6 3. Bc4 Bc5 4. c3 Nf6 5. d3 d6 6. b4 Bb6 7. a4 a6 8. a5 Ba7
9. O-O Bg4 10. h3 Bh5 11. Be3 O-O 12. Nbd2 d5 13. exd5 Nxd5 14. Bxd5 Qxd5 15.
Ne4 Bxf3 16. Qxf3 Qxd3 17. Rad1 Qc4 18. Nf6+ gxf6 19. Bh6 Qh4 20. Bxf8 e4 21.
Qg4+ Qxg4 22. hxg4 Rxf8 23. Rd7 Rc8 24. Re1 Ne5 25. Rd2 Nc4 26. Rd5 e3 27. f3
Kf8 28. Kh2 Ke7 29. Rh5 Rh8 30. b5 c5 31. b6 Bb8+ 32. g3 Be5 33. f4 Bxc3 34.
Re2 Bd4 35. Kg2 Nxa5 36. Kf3 Nc4 37. Reh2 Nxb6 38. Rxh7 Rxh7 39. Rxh7 Nc4 40.
g5 fxg5 41. fxg5 Ne5+ 42. Ke2 Ng6 43. Rh1 b5 44. Rb1 c4 45. Kf3 Bb6 46. Ke2 Ne5
47. Rh1 a5 48. Rb1 b4 49. Ra1 Nd3 50. Rb1 a4 51. Ra1 a3 52. Rb1 b3 53. Ra1 b2
54. Rb1 a2 55. Rxb2 Nxb2 56. Kf3 a1=Q 57. Ke4 Qh1+ 58. Kf5 Qf3+ 59. Ke5 Nd3#
0-1

[Event "ICS rated blitz match"]
[Site "204.178.125.65"]
[Date "2000.03.04"]
[Round "?"]
[White "Hossa"]
[Black "poodledough"]
[Result "0-1"]
[WhiteElo "2474"]
[BlackElo "2869"]
[PlyCount "126"]

1. e4 e5 2. Nf3 Nc6 3. Bb5 a6 4. Ba4 Nf6 5. O-O Be7 6. Re1 b5 7. Bb3 d6 8. c3
O-O 9. h3 Bb7 10. d4 Re8 11. Nbd2 Bf8 12. a4 h6 13. Bc2 Nb8 14. a5 exd4 15.
cxd4 Nc6 16. d5 Nb4 17. Bb1 c6 18. Qb3 c5 19. Qd1 Nd7 20. Nh2 f5 21. f3 Qh4 22.
Rf1 Be7 23. Nb3 Bf6 24. Nd2 Bd4+ 25. Kh1 Nf6 26. Nb3 fxe4 27. Nxd4 cxd4 28.
Qxd4 Nbxd5 29. Ba2 Kh8 30. Kg1 Qh5 31. fxe4 Rxe4 32. Qd3 Rd8 33. Bb3 Nb4 34.
Qf3 Qc5+ 35. Kh1 Ba8 36. Bxh6 Rg4 37. Nxg4 Bxf3 38. Nxf6 Bxg2+ 39. Kxg2 gxf6
40. Rxf6 Qe5 41. Rf2 Nd3 42. Raf1 Kh7 43. Bd2 Nxf2 44. Rxf2 Qg7+ 45. Kf1 Qxb2
46. Bd5 Qd4 47. Be6 b4 48. Bg5 Qd3+ 49. Kg1 Qg3+ 50. Rg2 Qe1+ 51. Kh2 Rf8 52.
Bc4 Qe5+ 53. Kh1 Rf3 54. Bg8+ Kh8 55. Kg1 Rxh3 56. Kf1 Qf5+ 57. Ke1 Qb1+ 58.
Ke2 Qc2+ 59. Bd2 Qe4+ 60. Kd1 Rh1+ 61. Rg1 Rxg1+ 62. Be1 Rxe1+ 63. Kd2 Qe2# 0-1